00157 a2200073 45000010005000001000020000052450042000252600016000673696 aAbbasi, G H M I aCensus of Pakistan Sindli khair state abPak Pubc